| 000 -CABECERA |
| Longitud fija campo de control |
01231nam a2200313 a 4500 |
| 001 - NÚMERO DE CONTROL |
| Número de control |
991006070089706706 |
| 003 - IDENTIFICADOR DEL NÚMERO DE CONTROL |
| Identificador del número de control |
OSt |
| 005 - FECHA Y HORA DE LA ÚLTIMA TRANSACCIÓN |
| Fecha y hora de la última transacción |
20211209123450.0 |
| 008 - CÓDIGOS DE INFORMACIÓN DE LONGITUD FIJA |
| Códigos de información de longitud fija |
990701s1966 sp a 0 0 0dspa c |
| 017 ## - NÚMERO DE COPYRIGHT O DE DEPÓSITO LEGAL |
| Número de copyright o de depósito legal |
DL M. 11316-1966 |
| Agencia que asigna el número |
Oficina Depósito Legal Madrid |
| 035 ## - NÚMERO DE CONTROL DEL SISTEMA |
| Número de control del sistema |
(ES-BaCBU)b58884464-34csuc_network |
| 035 ## - NÚMERO DE CONTROL DEL SISTEMA |
| Número de control del sistema |
(ES-BaCBU).b58884464 |
| 035 ## - NÚMERO DE CONTROL DEL SISTEMA |
| Número de control del sistema |
(ccuc001)b58884464 |
| 040 ## - FUENTE DE LA CATALOGACIÓN |
| Centro catalogador de origen |
ES-BaCBU |
| Lengua de catalogación |
cat |
| Centro transcriptor |
CDMR |
| 100 0# - PUNTO DE ACCESO PRINCIPAL-NOMBRE DE PERSONA |
| Nombre de persona |
Tono, |
| 245 10 - MENCIÓN DE TÍTULO |
| Título |
Memorias de mí : |
| Resto del título |
(novela) / |
| Mención de responsabilidad, etc. |
Tono ; con la instalación de un botafumeiro, a manera de prólogo... por Camilo José Cela ; 4 apéndices... con música de apoteosis... y... letra de Melchor Fernández Almagro, Miguel Mihura, Tono y Rafael Florez |
| 260 ## - PUBLICACIÓN, DISTRIBUCIÓN, ETC. (PIE DE IMPRENTA) |
| Lugar de publicación, distribución, etc. |
Madrid : |
| Nombre del editor, distribuidor, etc. |
Biblioteca Nueva, |
| Fecha de publicación, distribución, etc. |
1966 |
| 300 ## - DESCRIPCIÓN FÍSICA |
| Extensión |
390 p. : |
| Otras características físicas |
il. ; |
| Dimensiones |
19 cm |
| 490 0# - MENCIÓN DE SERIE |
| Mención de serie |
Colección de Grandes Novelas Humorísticas. Segunda época |
| Designación de volumen o secuencia |
1 |
| 700 1# - PUNTO DE ACCESO ADICIONAL - NOMBRE DE PERSONA |
| Nombre de persona |
Flórez, Rafael |
| 700 1# - PUNTO DE ACCESO ADICIONAL - NOMBRE DE PERSONA |
| Nombre de persona |
Mihura, Miguel, |
| 700 1# - PUNTO DE ACCESO ADICIONAL - NOMBRE DE PERSONA |
| Nombre de persona |
Fernández Almagro, Melchor |
| 700 1# - PUNTO DE ACCESO ADICIONAL - NOMBRE DE PERSONA |
| Nombre de persona |
Cela, Camilo José |
| 9 (RLIN) |
1298 |
| 830 #0 - PUNTO DE ACCESO ADICIONAL DE SERIE - TÍTULO UNIFORME |
| Título uniforme |
Grandes novelas humorísticas (Biblioteca nueva) ; |
| Designación de volumen o secuencia |
1 |
| 907 ## - ELEMENTO G DATOS LOCALES, GDL (RLIN) |
| a |
.b58884464 |
| b |
09-05-17 |
| c |
13-03-14 |
| d |
13-03-14 |
| e |
m |
| f |
a |
| g |
- |
| h |
spa |
| i |
sp |
| j |
0 |
| k |
0 |
| 908 ## - CONTROL DE PARÁMETROS (RLIN) |
| Parametro de comando lanzado |
BMVB |
| 940 ## - |
| T&íacute;tulo uniforme |
<a href="BNE">BNE</a> |
| Fecha del tratado firmado |
BMVB |
| 942 ## - ENTRADA DE ELEMENTOS AGREGADOS (KOHA) |
| Fuente de clasificaión o esquema |
|
| Koha [por defecto] tipo de item |
Monografies |